ბათუმის შოთა რუსთაველის სახელმწიფო უნივერსიტეტის ბიბლიოთეკა

საბირჟო საქმე : (ბიბ.ჩანაწერი № 36525)

000 -ლიდერი
ფიქსირებული სიგრძის საკონტროლო ველი 01294nam a2200253Ia 4500
001 - საკონტროლო ნომერი
საკონტროლო ველი 2443
003 - საკონტროლო ნომრის იდენტიფიკატორი
საკონტროლო ველი GE_BSU
005 - ბოლო ოპერაციის თარიღი და დრო
საკონტროლო ველი 20221128123332.0
008 - ფიქსირებული სიგრძის მონაცემთა ელემენტები - ზოგადი ინფორმაცია
ფიქსირებული სიგრძის საკონტროლო ველი 181216s2009||||ge |||||||||||||| ||geo||
040 ## - კატალოგიზაციის წყარო
Transcribing agency GE_BSU
041 ## - ენის კოდი
Language code of text/sound track or separate title geo
080 ## - უნივერსალური ათობითი კლასიფიკაციის ინდექსი
Universal Decimal Classification number 336.76(075.8)+336.744+159.98+336.76 შ–81
100 ## - მთავარი ჩანაწერი - პიროვნების სახელი
Personal name შონია, ნანა
9 (RLIN) 13905
245 ## - ცნობა სათაურის შესახებ
Title საბირჟო საქმე :
Remainder of title ნაწ. 2 /
Statement of responsibility, etc ნანა შონია, თინათინ გუგეშაშვილი ; [რედ. იაკობ მესხია] ; აკაკი წერეთლის სახ. სახელმწ. უნ-ტი.
264 ## - წარმოების, გამოცემის, დისტრიბუციის და სხვა ცნობები
გამოცემის, წარმოების, დისტრიბუციის... ადგილი თბილისი :
გამოცემის, წარმოების, დისტრიბუციის... სახელწოდება ინოვაცია,
გამოცემის, წარმოების, დისტრიბუციის... თარიღი 2009.
300 ## - ფიზიკური აღწერა
Extent 361 გვ.:
Other physical details ცხრ. ; ნახ.
501 ## - შენიშვნა თანმხლებ მასალაზე
With note დანართები: გვ. 329-363.
653 ## - INDEX TERM--UNCONTROLLED
Uncontrolled term საბირჟო საქმე
653 ## - INDEX TERM--UNCONTROLLED
Uncontrolled term ფინასები
700 ## - ADDED ENTRY--PERSONAL NAME
Personal name გუგეშაშვილი, თინათინ
Relator term ავტორი
9 (RLIN) 16146
700 ## - ADDED ENTRY--PERSONAL NAME
Personal name მესხია, იაკობ
Relator term რედაქტორი
9 (RLIN) 16147
710 ## - ADDED ENTRY--CORPORATE NAME
Corporate name or jurisdiction name as entry element აკაკი წერეთლის სახელობის სახელმწიფო უნივერსიტეტი.
9 (RLIN) 16148
942 ## - ADDED ENTRY ELEMENTS (KOHA)
Koha item type წიგნი
Source of classification or shelving scheme
ეგზემპლარები
ჩამოწერის სტატუსი დაკარგული ეგზემპლარის სტატუსი კლასიფიკაციის წყარო ან თაროზე გაწყობის სქემა დაზიანების სტატუსი არ გაიცემა მუდმივი მდებარეობა (დაცვის ადგილი) ამჟამინდელი ადგილსამყოფელი თაროზე განთავსების ადგილი შეძენის თარიღი სრული შენახვის შიფრი შტრიხკოდი ბოლო ოპერაციის თარიღი ეგზემპლარის მიმდევრობითი ნომერი (კეტერი?) ფასის ძალაში შესვლის თარიღი ეგზემპლარის სახეობა
          ბათუმის შოთა რუსთაველის სახელმწიფო უნივერსიტეტის მთავარი ბიბლიოთეკა ბათუმის შოთა რუსთაველის სახელმწიფო უნივერსიტეტის მთავარი ბიბლიოთეკა წიგნსაცავი 2018-12-17 336.76(075.8)+336.744+159.98+336.76 შ–81 976 2018-12-17 976 2018-12-17 წიგნი